States That Beat Virginia - Statistics

General Stats
  • This quiz has been taken 190 times
  • The average score is 14 of 16
Answer Stats
Rank Category Answer % Correct
10 Highest % of Residents Using Public Transit New York | New Jersey | Massachusetts | Illinois | Maryland | Washington | Pennsylvania | Hawaii | California
99%
8 Most Endangered Species Hawaii | California | Florida | Alabama | Texas | Tennessee | Georgia
97%
10 Highest Median Income Maryland | New Jersey | Hawaii | Massachusetts | Connecticut | California | New Hampshire | Alaska | Washington
97%
9 Highest Median Rent Hawaii | California | Maryland | New Jersey | Washington | Massachusetts | Colorado | New York
96%
8 Highest % Asian Hawaii | California | New Jersey | Washington | New York | Nevada | Massachusetts
96%
9 Highest % African-American Mississippi | Louisiana | Georgia | Maryland | Alabama | South Carolina | Delaware | North Carolina
95%
10 Highest % Forested Maine | New Hampshire | West Virginia | Vermont | Alabama | South Carolina | Georgia | Mississippi | New York
94%
5 Last Alphabetically Wyoming | Wisconsin | West Virginia | Washington
94%
4 Closest State Capital to Washington D.C. Maryland | Delaware | Pennsylvania
92%
8 Longest Average Commute New York | Maryland | New Jersey | Massachusetts | California | Illinois | Georgia
91%
6 Highest % With a College Degree Massachusetts | Colorado | New Jersey | Maryland | Connecticut
90%
5 Oldest State Capital New Mexico | Massachusetts | Maryland | Delaware
90%
3 Most Counties or County-Equivalents Texas | Georgia
84%
3 Costal State That Reaches Furthest Inland Texas | Oregon
79%
2 Easternmost National Park Maine
78%
2 Most Executions (1976-) Texas
77%
No matching quizzes found
Score Distribution
Percent of People with Each Score
Percentile by Number Answered
Your Score History
You have not taken this quiz